000 00356nam a2200145Ia 4500
008 230711s9999||||xx |||||||||||||| ||und||
041 _aENG
082 _a624
_bKE-S
100 _aKennie .T.J.M
245 0 _aEngineering surveying technology
250 _a1st
260 _c1990
_aNew York
_bJohn Wiley & Sons.Inc
650 _aCivil Engineering
942 _cBK
999 _c464
_d464